000 01383nam a2200277 a 4500
001 BRCA_2467
005 20190320203825.0
008 191108s1832----sp-a---###---#000-0#spa-u
041 _aspa
044 _asp
084 _a107
_b.B47
_c1832
100 1 _aCervantes Saavedra, Miguel de
_d1547-1616
_9213
245 1 0 _aEl Ingenioso Hidalgo Don Quijote de la Mancha
_cpor Miguel de Cervantes Saavedra.
260 _aBarcelona
_bAntonio Bergnes
_c1832
300 _a3 v.
_bil.
_c11 cm.
500 _aContenido : v 1. Primera parte. Dedicatoria. Prólogo del autor. Versos preliminares. Texto. -- v 2. Texto. -- v 3. Texto. -- v 4. Segunda parte. Dedicatoria. Prólogo del autor. Texto. -- v 5. Texto. -- v 6. Texto
500 _aEdición económica. Va adornada con las láminas de la edición de la Imprenta Real (1797), grabadas con finura por Alabern. A pesar de la pequeñez de los tomitos, los tipos son muy claros y legibles, de impresión excelente. Semipiel; lomeras adornadas con filetes dorados Lúdovik Osterc
500 _aQM90
650 1 4 _aNovela española
_yÉpoca clásica, 1500-1700
_9215
650 1 4 _aLiteratura española
_yÉpoca clásica, 1500-1700
_9216
650 1 4 _aNovela española
_ySiglo XVII
_9217
650 1 4 _aDon Quijote (Personaje ficticio)
_eNovela
_9218
740 0 _aEl Ingenioso Hidalgo Don Quijote de la Mancha
902 _aQFM
942 _2lcc
_cB
999 _c2208
_d2208